[Event "MCR mladeze 2014, H14"]
[Site "Kouty nad Desnou"]
[Date "2014.03.08"]
[Round "1"]
[White "Parizek, Vojtech"]
[Black "Liska, Jiri"]
[Result "0-1"]
[WhiteElo "1712"]
[BlackElo "1911"]
[PlyCount "72"]
[EventDate "2014.??.??"]

1. e4 c5 2. Nf3 Nc6 3. d4 cxd4 4. Nxd4 Nf6 5. Nc3 e5 6. Ndb5 d6 7. Bg5 a6 8.
Na3 b5 9. Nd5 Be7 10. Bxf6 Bxf6 11. c3 Bg5 12. Nc2 Be6 13. a4 bxa4 14. Rxa4 a5
15. Bb5 Bd7 16. O-O Rb8 17. Qd3 Nb4 18. Bxd7+ Qxd7 19. Ndxb4 Qxa4 20. Qxd6 Rc8
21. Nd5 Qxc2 22. Qxe5+ Kf8 23. Qxg5 Qxe4 24. Nb6 h6 25. Qd2 Re8 26. Nd7+ Kg8
27. Nc5 Qc4 28. Qd7 Kh7 29. Qf5+ g6 30. Qf6 Kg8 31. Nd7 Qe6 32. Qd4 Re7 33.
Nf6+ Kf8 34. Qd8+ Kg7 35. Qxa5 Qxf6 36. b4 Qxc3 0-1

[Event "MCR mladeze 2014, H14"]
[Site "Kouty nad Desnou"]
[Date "2014.03.08"]
[Round "1"]
[White "Wagner, Vojtech"]
[Black "Chwistek, Karel"]
[Result "1-0"]
[WhiteElo "1907"]
[BlackElo "1697"]
[PlyCount "93"]
[EventDate "2014.??.??"]

1. e4 c5 2. Nf3 Nc6 3. d4 cxd4 4. Nxd4 g6 5. Nc3 Bg7 6. Be3 Nf6 7. Bc4 O-O 8.
Bb3 Ng4 9. Qxg4 Nxd4 10. Qd1 Nxb3 11. axb3 b6 12. Qd5 Bxc3+ 13. bxc3 Qc7 14.
O-O Bb7 15. Qd4 Rfc8 16. c4 e5 17. Qd3 Qc6 18. f3 a5 19. Kh1 Ba6 20. Rfd1 b5
21. c5 b4 22. Qd2 Bb5 23. Qe1 Rd8 24. Rd6 Qc7 25. Qg3 Re8 26. Qh4 Ra6 27. Rad1
Re6 28. R6d5 d6 29. R1d2 a4 30. bxa4 Bxa4 31. h3 b3 32. cxb3 Bxb3 33. R5d3 Bc4
34. Rc3 Bb5 35. Rb3 Ba4 36. Rb6 Rxb6 37. cxb6 Qd7 38. Rb2 Bc6 39. Bh6 Bb7 40.
Ra2 f6 41. Be3 d5 42. exd5 Qxd5 43. Rd2 Qc6 44. Rd8+ Re8 45. Rxe8+ Qxe8 46.
Qxf6 e4 47. Bh6 1-0

[Event "MCR mladeze 2014, H14"]
[Site "Kouty nad Desnou"]
[Date "2014.03.08"]
[Round "1"]
[White "Havelka, Ondrej"]
[Black "Jelinek, Michal"]
[Result "1-0"]
[WhiteElo "1642"]
[BlackElo "1870"]
[PlyCount "47"]
[EventDate "2014.??.??"]

1. d4 d5 2. c4 e6 3. Nc3 Nf6 4. Nf3 c6 5. Bg5 Nbd7 6. e3 Qa5 7. Bxf6 Nxf6 8.
Rc1 Bb4 9. Qb3 Ne4 10. Bd3 O-O 11. O-O Bxc3 12. bxc3 Kh8 13. Bxe4 dxe4 14. Nd2
f5 15. c5 b5 16. f3 exf3 17. Nxf3 Qc7 18. Ne5 a5 19. a4 Rb8 20. Rf3 bxa4 21.
Qxa4 Rb2 22. Qa3 Rb5 23. Qa2 Rxc5 24. Qa3 1-0

[Event "MCR mladeze 2014, H14"]
[Site "Kouty nad Desnou"]
[Date "2014.03.08"]
[Round "1"]
[White "Hurdzan, Tomas"]
[Black "Steinbauer, Filip"]
[Result "1-0"]
[WhiteElo "1866"]
[BlackElo "1637"]
[PlyCount "81"]
[EventDate "2014.??.??"]

1. e4 c5 2. Nf3 d6 3. d4 cxd4 4. Qxd4 Nc6 5. Bb5 Bd7 6. Bxc6 bxc6 7. c4 Nf6 8.
Bg5 c5 9. Qd3 Qb6 10. b3 g6 11. Bxf6 exf6 12. Nc3 Be6 13. O-O Bg7 14. Rad1 Rd8
15. Nd5 Bxd5 16. Qxd5 O-O 17. Qd3 Qc6 18. Nd2 Rfe8 19. Rfe1 Re6 20. Re2 Rde8
21. Rde1 Qd7 22. Kf1 Qb7 23. Nb1 Qc6 24. Nc3 f5 25. Nd5 fxe4 26. Rxe4 Rxe4 27.
Rxe4 Rxe4 28. Qxe4 Qd7 29. Qe7 Qxe7 30. Nxe7+ Kf8 31. Nc8 a6 32. Nxd6 f5 33.
Nc8 Bc3 34. Nb6 Kf7 35. Nd5 Bd4 36. Ke2 Ke6 37. Nc7+ Kd7 38. Nxa6 Kc6 39. b4
Kb7 40. Nxc5+ Bxc5 41. bxc5 1-0

[Event "MCR mladeze 2014, H14"]
[Site "Kouty nad Desnou"]
[Date "2014.03.08"]
[Round "1"]
[White "Vraj, Karel"]
[Black "Danek, Daniel"]
[Result "0-1"]
[WhiteElo "1593"]
[BlackElo "1827"]
[PlyCount "46"]
[EventDate "2014.??.??"]

1. e4 c6 2. d4 d5 3. exd5 cxd5 4. Bd3 Nc6 5. c3 Qc7 6. Nf3 Bg4 7. Nbd2 e6 8.
O-O Bd6 9. Re1 Bxh2+ 10. Kh1 Bd6 11. Qb3 Nge7 12. a4 h5 13. c4 O-O-O 14. c5 Bf4
15. Qc3 h4 16. Bf1 Nf5 17. Nb3 h3 18. gxh3 Bxh3 19. Bxh3 Rxh3+ 20. Kg2 Rdh8 21.
Qc2 Rxf3 22. Bxf4 Qxf4 23. Rh1 Qg4+ 0-1

[Event "MCR mladeze 2014, H14"]
[Site "Kouty nad Desnou"]
[Date "2014.03.08"]
[Round "1"]
[White "Novy, Filip"]
[Black "Filip, Tomas"]
[Result "0-1"]
[WhiteElo "1817"]
[BlackElo "1590"]
[PlyCount "58"]
[EventDate "2014.??.??"]

1. e4 c5 2. Nf3 d6 3. d4 cxd4 4. Nxd4 Nf6 5. Nc3 a6 6. Be2 e5 7. Nb3 Be7 8. Be3
Be6 9. Qd2 Qc7 10. O-O-O O-O 11. f3 Nbd7 12. g4 Rfc8 13. h4 b5 14. h5 b4 15.
Nd5 Nxd5 16. exd5 Bxd5 17. g5 Bxb3 18. axb3 a5 19. Bc4 Nb6 20. Bxb6 Qxb6 21. g6
h6 22. Rdg1 a4 23. gxf7+ Kf8 24. Qxh6 Bf6 25. Qg6 axb3 26. h6 Ra1+ 27. Kd2 Qf2+
28. Be2 Qd4+ 29. Qd3 Rxc2# 0-1

[Event "MCR mladeze 2014, H14"]
[Site "Kouty nad Desnou"]
[Date "2014.03.08"]
[Round "1"]
[White "Kriz, Vojtech"]
[Black "Vystrcil, Martin"]
[Result "0-1"]
[WhiteElo "1565"]
[BlackElo "1783"]
[PlyCount "46"]
[EventDate "2014.??.??"]

1. e4 c5 2. Nf3 Nc6 3. d4 cxd4 4. Nxd4 g6 5. Nc3 Bg7 6. Be3 Nf6 7. Bc4 O-O 8.
f3 Qb6 9. Bb3 Nxe4 10. Nd5 Qa5+ 11. c3 Nc5 12. Nxc6 dxc6 13. Nxe7+ Kh8 14. O-O
Nxb3 15. axb3 Qe5 16. Re1 Qxe7 17. Qd4 Be6 18. Qe4 Rfe8 19. Bd4 Qc7 20. Bxa7
Bd7 21. Bd4 Rxa1 22. Bxg7+ Kxg7 23. Qd4+ Qe5 0-1

[Event "MCR mladeze 2014, H14"]
[Site "Kouty nad Desnou"]
[Date "2014.03.09"]
[Round "2"]
[White "Danek, Daniel"]
[Black "Anaskin, Arsenij"]
[Result "1/2-1/2"]
[WhiteElo "1827"]
[BlackElo "1977"]
[PlyCount "153"]
[EventDate "2014.??.??"]

1. d4 Nf6 2. Nf3 g6 3. c4 Bg7 4. Nc3 O-O 5. Bg5 d6 6. e3 c6 7. Be2 Qc7 8. O-O
e5 9. dxe5 dxe5 10. Bxf6 Bxf6 11. Ne4 Be7 12. c5 Rd8 13. Qc1 Bf5 14. Nfd2 Nd7
15. Rd1 b6 16. b4 a5 17. cxb6 Nxb6 18. b5 Rac8 19. Ng3 Be6 20. Nf3 Rxd1+ 21.
Qxd1 cxb5 22. Bxb5 Rd8 23. Qe2 Qc3 24. Rb1 Bd5 25. Rd1 Rc8 26. e4 Be6 27. Nf1
Nc4 28. Bd7 Bxd7 29. Rxd7 Kf8 30. Rd3 Qc1 31. Rd5 f6 32. Rd1 Qc3 33. Rd3 Qc1
34. Rd1 Qc3 35. Rd3 Qc1 36. Rd1 Qa3 37. Rd3 Qb4 38. Rb3 Qd6 39. Rc3 Qe6 40. Qc2
Bb4 41. Rd3 Nd2 42. Qd1 Nxe4 43. a3 Bc5 44. Rd8+ Kg7 45. Rd7+ Be7 46. Rb7 Nc3
47. Qd3 Kf7 48. Qe3 Kg7 49. h4 Nd5 50. Qb3 Rc6 51. Ne3 Nxe3 52. Qxe6 Rxe6 53.
fxe3 Kf8 54. a4 Rc6 55. Rb5 Bb4 56. Rb7 Kg8 57. Rb8+ Kg7 58. g4 Rc7 59. Kf2 h5
60. g5 fxg5 61. Nxg5 Rc2+ 62. Kf3 Be1 63. Rb7+ Kg8 64. Rb8+ Kg7 65. Rb7+ Kf8
66. Ke4 Bxh4 67. Ne6+ Ke8 68. Kxe5 Re2 69. e4 Rd2 70. Ra7 Bd8 71. Ng7+ Kf8 72.
Ne6+ Ke8 73. Ng7+ Kf8 74. Ne6+ Ke8 75. Ng7+ Kf8 76. Ne6+ Ke8 77. Ng7+ 1/2-1/2

[Event "MCR mladeze 2014, H14"]
[Site "Kouty nad Desnou"]
[Date "2014.03.09"]
[Round "2"]
[White "Liska, Jiri"]
[Black "Oplustil, David"]
[Result "1-0"]
[WhiteElo "1911"]
[BlackElo "1488"]
[PlyCount "81"]
[EventDate "2014.??.??"]

1. e4 c5 2. Nf3 d6 3. d4 cxd4 4. Nxd4 Nf6 5. Nc3 g6 6. g3 Bg7 7. Bg2 O-O 8. O-O
Bd7 9. h3 Nc6 10. Nde2 Qb6 11. b3 Rac8 12. Be3 Qd8 13. Rb1 a6 14. a4 a5 15. Nf4
Nb4 16. Nfd5 Nfxd5 17. Nxd5 Nxd5 18. Qxd5 Bc6 19. Qd2 Qc7 20. c4 b6 21. Rfe1
Qb7 22. f3 Rfd8 23. Rbd1 Rd7 24. h4 Rdd8 25. Bf2 Rc7 26. Qe3 Rb8 27. g4 Rcc8
28. h5 Bd7 29. h6 Bh8 30. Bg3 Rc5 31. Rd2 Be6 32. Red1 Rbc8 33. Qe2 f6 34. Bf2
R5c7 35. f4 Bf7 36. e5 Qb8 37. exd6 exd6 38. Rxd6 Re8 39. Qd2 Rce7 40. Rxb6 Qc8
41. Bf3 1-0

[Event "MCR mladeze 2014, H14"]
[Site "Kouty nad Desnou"]
[Date "2014.03.09"]
[Round "2"]
[White "Vystrcil, Martin"]
[Black "Wagner, Vojtech"]
[Result "0-1"]
[WhiteElo "1783"]
[BlackElo "1907"]
[PlyCount "102"]
[EventDate "2014.??.??"]

1. e4 c5 2. Nf3 Nc6 3. d4 cxd4 4. Nxd4 Nf6 5. Nc3 g6 6. Nxc6 bxc6 7. e5 Ng8 8.
Bc4 Bg7 9. Qf3 f6 10. O-O f5 11. Bf4 Bb7 12. Na4 Qa5 13. Qb3 O-O-O 14. Rad1 h6
15. Bd2 Qc7 16. Nc5 Qb6 17. Qxb6 axb6 18. Nxd7 Kc7 19. Nc5 Bc8 20. Nd3 g5 21.
g3 e6 22. f4 g4 23. Bb4 Bf8 24. Bxf8 Rxf8 25. Rd2 Ne7 26. Bb3 Rd8 27. Rfd1 Nd5
28. Bxd5 cxd5 29. Rc1 Ba6 30. Nb4 Kb7 31. h3 h5 32. hxg4 hxg4 33. Rh2 Rxh2 34.
Kxh2 Be2 35. Nd3 Rh8+ 36. Kg1 Bf3 37. Nf2 Rc8 38. c3 Ra8 39. a3 Kc6 40. Rc2 Kb5
41. Nd3 Be4 42. Rd2 Rh8 43. Nf2 Bf3 44. Rd4 Ra8 45. Rb4+ Kc6 46. c4 d4 47. b3
Rxa3 48. Nd3 Be4 49. Ne1 d3 50. Kf2 Ra2+ 51. Kf1 d2 0-1

[Event "MCR mladeze 2014, H14"]
[Site "Kouty nad Desnou"]
[Date "2014.03.09"]
[Round "2"]
[White "Filip, Tomas"]
[Black "Hurdzan, Tomas"]
[Result "0-1"]
[WhiteElo "1590"]
[BlackElo "1866"]
[PlyCount "114"]
[EventDate "2014.??.??"]

1. e4 e5 2. Nf3 Nc6 3. Bb5 Nf6 4. d3 Bc5 5. O-O d6 6. c3 O-O 7. h3 h6 8. Re1
Bb6 9. d4 Qe7 10. d5 Nb8 11. Ba4 Rd8 12. a3 Nbd7 13. b4 Nf8 14. Nbd2 Ng6 15.
Nf1 Nh5 16. Qc2 Qf6 17. Be3 Bxh3 18. N1h2 Bc8 19. Qd2 Nh4 20. Bd1 Nxf3+ 21.
Nxf3 Bg4 22. c4 Bxe3 23. fxe3 Qg6 24. Rc1 Ng3 25. Bc2 Bxf3 26. gxf3 Ne2+ 27.
Kf2 Nxc1 28. Rxc1 Qh5 29. Rg1 g5 30. f4 f6 31. f5 Qh4+ 32. Kf1 Qh3+ 33. Ke1 g4
34. Qf2 Kf7 35. Bd1 Rg8 36. Rg3 Qh4 37. Qg2 h5 38. Kd2 Rg7 39. c5 Qg5 40. c6 b6
41. Be2 Rag8 42. Kd3 Qh6 43. Qh2 h4 44. Rg2 Ke7 45. a4 Rh8 46. Kd2 h3 47. Rg3
Qh4 48. Bf1 Qxg3 49. Qxg3 h2 50. Bg2 h1=Q 51. Bxh1 Rxh1 52. Ke2 Rh3 53. Qg2 g3
54. Qxh3 g2 55. Qf3 g1=Q 56. Kd3 Rg2 57. Qh5 Qb1+ 0-1

[Event "MCR mladeze 2014, H14"]
[Site "Kouty nad Desnou"]
[Date "2014.03.09"]
[Round "2"]
[White "Miesbauer, Jan"]
[Black "Havelka, Ondrej"]
[Result "1-0"]
[WhiteElo "1991"]
[BlackElo "1642"]
[PlyCount "73"]
[EventDate "2014.??.??"]

1. e4 e6 2. d4 d5 3. Nd2 dxe4 4. Nxe4 Bd7 5. Nf3 Bc6 6. Bd3 Nd7 7. O-O Ngf6 8.
Ng3 Be7 9. Re1 Bxf3 10. Qxf3 c6 11. c3 Qb6 12. b3 O-O 13. Bb2 c5 14. dxc5 Nxc5
15. Bc2 Rac8 16. c4 Rfd8 17. Bc3 a5 18. Re5 Ncd7 19. Rb5 Qa6 20. Rxa5 Qc6 21.
Qxc6 Rxc6 22. Ne4 Nc5 23. Nxc5 Bxc5 24. h3 b6 25. Ra6 Rc7 26. Rd1 Rcc8 27.
Rxd8+ Rxd8 28. b4 Bd6 29. g3 Bc7 30. Ra7 Rc8 31. Bd4 b5 32. cxb5 Nd5 33. Be4
Nxb4 34. b6 Bb8 35. Ra8 f6 36. b7 Re8 37. Bc5 1-0

[Event "MCR mladeze 2014, H14"]
[Site "Kouty nad Desnou"]
[Date "2014.03.09"]
[Round "2"]
[White "Jurasek, Vojtech"]
[Black "Vykouk, Jan"]
[Result "0-1"]
[WhiteElo "1498"]
[BlackElo "2088"]
[PlyCount "76"]
[EventDate "2014.??.??"]

1. d4 Nf6 2. c4 g6 3. Nf3 Bg7 4. Nc3 O-O 5. Bg5 d6 6. e3 c6 7. Qc2 Nbd7 8. Be2
a6 9. a4 a5 10. O-O Nb6 11. Rfd1 Be6 12. b3 Rc8 13. Rac1 Nbd7 14. Bh4 h6 15. h3
Nb8 16. Na2 b5 17. Rb1 Na6 18. Qd2 bxc4 19. Bxf6 Bxf6 20. Bxc4 Bxc4 21. bxc4 c5
22. Rdc1 Nb4 23. Nxb4 axb4 24. Qd1 Ra8 25. Ra1 Qb6 26. Rcb1 Ra5 27. Qb3 Rfa8
28. Ra2 Qc6 29. Rba1 g5 30. Qc2 e6 31. Qb3 h5 32. Qc2 Kg7 33. Kh1 g4 34. hxg4
hxg4 35. Nh2 cxd4 36. Rd1 Rh5 37. Qe2 Rah8 38. Qxg4+ Kf8 0-1

[Event "MCR mladeze 2014, H14"]
[Site "Kouty nad Desnou"]
[Date "2014.03.09"]
[Round "2"]
[White "Lojek, Marek"]
[Black "Simet, Martin"]
[Result "1/2-1/2"]
[WhiteElo "1776"]
[BlackElo "1777"]
[PlyCount "48"]
[EventDate "2014.??.??"]

1. e4 c5 2. Nf3 d6 3. d4 cxd4 4. Nxd4 Nf6 5. Nc3 a6 6. a4 e5 7. Nb3 Be6 8. Be2
Be7 9. Be3 O-O 10. O-O Nc6 11. f3 d5 12. exd5 Nxd5 13. Nxd5 Bxd5 14. Nc5 Nd4
15. Bxd4 exd4 16. Qxd4 Bxf3 17. Qxd8 Bxc5+ 18. Kh1 Bxg2+ 19. Kxg2 Raxd8 20.
Rad1 Rxd1 21. Rxd1 a5 22. Rd7 b6 23. Bc4 g6 24. c3 Kg7 1/2-1/2

[Event "MCR mladeze 2014, H14"]
[Site "Kouty nad Desnou"]
[Date "2014.03.09"]
[Round "2"]
[White "Jelinek, Michal"]
[Black "Pulpan, Matej"]
[Result "1-0"]
[WhiteElo "1870"]
[BlackElo "1774"]
[PlyCount "103"]
[EventDate "2014.??.??"]

1. d4 Nf6 2. c4 g6 3. Nc3 d5 4. cxd5 Nxd5 5. e4 Nxc3 6. bxc3 Bg7 7. Nf3 c5 8.
Rb1 Nc6 9. d5 Ne5 10. Nxe5 Bxe5 11. Qd2 O-O 12. f4 Bg7 13. Be2 b6 14. O-O e6
15. c4 exd5 16. cxd5 Re8 17. Bf3 Ba6 18. Re1 Rc8 19. Bb2 c4 20. Bxg7 Kxg7 21.
Qc3+ Qf6 22. Qxf6+ Kxf6 23. e5+ Kg7 24. d6 Red8 25. Kf2 c3 26. Rbc1 Bc4 27.
Rxc3 Bxa2 28. Ra3 Be6 29. Rxa7 Rd7 30. Rxd7 Bxd7 31. Ra1 Be6 32. Rb1 Rb8 33.
Bc6 Bc4 34. Bb5 Bxb5 35. Rxb5 Kf8 36. Kf3 Ke8 37. Ke4 Kd7 38. Kd5 h5 39. g3 Rb7
40. h3 Ra7 41. Rxb6 Ra5+ 42. Kc4 Ra4+ 43. Rb4 Ra7 44. Rb8 Ra4+ 45. Kb5 Ra3 46.
Rb7+ Ke8 47. Re7+ Kf8 48. Kc6 Rc3+ 49. Kd7 Ra3 50. Re8+ Kg7 51. Ke7 Ra7+ 52. d7
1-0

[Event "MCR mladeze 2014, H14"]
[Site "Kouty nad Desnou"]
[Date "2014.03.09"]
[Round "2"]
[White "Steinbauer, Filip"]
[Black "Novy, Filip"]
[Result "0-1"]
[WhiteElo "1637"]
[BlackElo "1817"]
[PlyCount "70"]
[EventDate "2014.??.??"]

1. e4 c5 2. Nf3 e6 3. d4 cxd4 4. Nxd4 Nf6 5. Bd3 d6 6. O-O Nc6 7. Nxc6 bxc6 8.
c4 Be7 9. Nc3 O-O 10. Qe2 Nd7 11. f4 Bf6 12. Be3 Qa5 13. Rac1 Ba6 14. Qf3 Rab8
15. Rf2 Rb7 16. g4 Rfb8 17. g5 Bxc3 18. bxc3 d5 19. exd5 cxd5 20. Qh5 g6 21.
Qh6 Nc5 22. Bd4 f5 23. Be2 Qa3 24. Re1 Ne4 25. Rg2 Bxc4 26. Bh5 Qf8 27. Bxg6
Qxh6 28. gxh6 hxg6 29. Rxg6+ Kh7 30. Rxe6 Rg8+ 31. Kh1 Be2 32. Bg7 Bf3+ 33. Kg1
Rb2 34. Rc1 Rg2+ 35. Kf1 Rxh2 0-1

[Event "MCR mladeze 2014, H14"]
[Site "Kouty nad Desnou"]
[Date "2014.03.09"]
[Round "2"]
[White "Sedlak, Jiri"]
[Black "Vraj, Karel"]
[Result "1-0"]
[WhiteElo "1753"]
[BlackElo "1593"]
[PlyCount "89"]
[EventDate "2014.??.??"]

1. e4 c5 2. Nf3 d6 3. d4 cxd4 4. Nxd4 Nf6 5. Nc3 g6 6. Be3 Bg7 7. Bc4 O-O 8.
Bb3 Ng4 9. Bg5 Qb6 10. Nd5 Qxd4 11. Qxd4 Bxd4 12. f3 Nc6 13. Bxe7 Nxe7 14.
Nxe7+ Kg7 15. Nxc8 Raxc8 16. c3 Nf2 17. Rf1 Bb6 18. Rxf2 Bxf2+ 19. Kxf2 Rfd8
20. Ke3 Kf6 21. Rd1 Ke7 22. Bd5 b6 23. Kd4 h5 24. Re1 f6 25. f4 Rh8 26. e5
dxe5+ 27. fxe5 f5 28. h4 Rh7 29. Ke3 Rc5 30. Rd1 Rh8 31. Rd2 Rd8 32. c4 b5 33.
b3 bxc4 34. bxc4 Ra5 35. Kf4 Ra3 36. Rb2 Ra6 37. Kg5 Rd7 38. e6 Rxe6 39. Bxe6
Kxe6 40. Kxg6 Rd8 41. Re2+ Kd6 42. Rd2+ Kc7 43. Rxd8 Kxd8 44. Kxh5 Kc7 45. Kg5
1-0

[Event "MCR mladeze 2014, H14"]
[Site "Kouty nad Desnou"]
[Date "2014.03.09"]
[Round "2"]
[White "Zitny, Michal"]
[Black "Parizek, Vojtech"]
[Result "0-1"]
[WhiteElo "1566"]
[BlackElo "1712"]
[PlyCount "58"]
[EventDate "2014.??.??"]

1. c4 c5 2. Nc3 Nc6 3. Nf3 e6 4. g3 d5 5. cxd5 exd5 6. Bg2 Nf6 7. d3 Be7 8. O-O
O-O 9. Bg5 Be6 10. e3 h6 11. Bf4 g5 12. Be5 Nd7 13. d4 f6 14. Qd3 Kg7 15. h4
fxe5 16. Nxe5 Ndxe5 17. dxe5 Nxe5 18. Qe2 gxh4 19. gxh4 Bd6 20. f4 Ng4 21. Rf3
Kh8 22. f5 Bxf5 23. Rxf5 Qxh4 24. Rf3 Rxf3 25. Bxf3 Rg8 26. Bxg4 Rxg4+ 27. Kf1
Qh1+ 28. Kf2 Rg2+ 29. Kf3 Qh3# 0-1

[Event "MCR mladeze 2014, H14"]
[Site "Kouty nad Desnou"]
[Date "2014.03.09"]
[Round "2"]
[White "Chwistek, Karel"]
[Black "Kriz, Vojtech"]
[Result "1-0"]
[WhiteElo "1697"]
[BlackElo "1565"]
[PlyCount "43"]
[EventDate "2014.??.??"]

1. e4 c5 2. Nc3 d6 3. f4 Nf6 4. Nf3 g6 5. Bc4 Bg7 6. d3 O-O 7. O-O Nc6 8. a4 b6
9. Qe1 Bb7 10. Qh4 Qd7 11. f5 Kh8 12. Ng5 Ne5 13. Nxf7+ Nxf7 14. Bxf7 gxf5 15.
Bg6 e5 16. Bxf5 Qe7 17. Bg5 h6 18. Bxh6 Bxh6 19. Qxh6+ Kg8 20. Rf3 Rf7 21. Rg3+
Rg7 22. Be6+ 1-0

[Event "MCR mladeze 2014, H14"]
[Site "Kouty nad Desnou"]
[Date "2014.03.10"]
[Round "3"]
[White "Wagner, Vojtech"]
[Black "Liska, Jiri"]
[Result "1/2-1/2"]
[WhiteElo "1907"]
[BlackElo "1911"]
[PlyCount "130"]
[EventDate "2014.??.??"]

1. e4 c5 2. Nf3 Nc6 3. Bb5 Nd4 4. Nxd4 cxd4 5. O-O e6 6. c3 Bc5 7. b4 Bb6 8.
Bb2 Qf6 9. Na3 a6 10. Ba4 dxc3 11. dxc3 Bc7 12. Qe2 b5 13. Bb3 Qh6 14. g3 Nf6
15. c4 bxc4 16. Nxc4 Bb7 17. f3 O-O 18. Be5 Bxe5 19. Nxe5 Qh5 20. Nd3 d6 21. a4
Rfc8 22. Rac1 h6 23. Qe3 Bc6 24. Rc2 Kh7 25. Kg2 d5 26. Rfc1 Bb7 27. Rxc8 Rxc8
28. Rxc8 Bxc8 29. e5 Nd7 30. Qc1 Bb7 31. Qc7 Bc6 32. Qxc6 Nxe5 33. Nxe5 Qxe5
34. Qc2+ g6 35. Qd2 Qc7 36. b5 axb5 37. axb5 Qc5 38. Qd3 Kg7 39. Bd1 Kf6 40.
Be2 Qb4 41. Qe3 Qb2 42. Kf2 d4 43. Qxh6 e5 44. Qh4+ Kg7 45. Qe4 f6 46. Qd5 Qc3
47. Qc4 Qe3+ 48. Kf1 f5 49. b6 d3 50. Qxd3 Qxb6 51. Bd1 Qb4 52. Qd7+ Kh6 53. h4
e4 54. Qd8 Kg7 55. fxe4 Qxe4 56. Qg5 Qh1+ 57. Ke2 Qg2+ 58. Ke1 Qg1+ 59. Kd2
Qd4+ 60. Ke2 Qc4+ 61. Kf2 Qd4+ 62. Ke2 Qc4+ 63. Kd2 Qd4+ 64. Kc2 Qa4+ 65. Kd2
Qd4+ 1/2-1/2

[Event "MCR mladeze 2014, H14"]
[Site "Kouty nad Desnou"]
[Date "2014.03.10"]
[Round "3"]
[White "Hurdzan, Tomas"]
[Black "Danek, Daniel"]
[Result "1/2-1/2"]
[WhiteElo "1866"]
[BlackElo "1827"]
[PlyCount "81"]
[EventDate "2014.??.??"]

1. e4 Nc6 2. d4 d5 3. e5 Bf5 4. Ne2 e6 5. Ng3 Bg6 6. h4 h5 7. Bg5 Be7 8. Bxe7
Qxe7 9. c3 O-O-O 10. f4 Nh6 11. Bd3 Bxd3 12. Qxd3 g6 13. Nd2 Qe8 14. O-O-O Ne7
15. Nf3 Nef5 16. Nxf5 Nxf5 17. Ng5 Kb8 18. Kb1 Rc8 19. Qf3 Qd7 20. Rc1 c5 21.
Qf2 b6 22. b3 Rc7 23. Kb2 Rhc8 24. Nf3 Qb5 25. Rhd1 c4 26. b4 a5 27. a3 Qa4 28.
Qc2 Qxc2+ 29. Rxc2 Ne3 30. Rcd2 Nxd1+ 31. Rxd1 Rh8 32. Ng5 Kc8 33. b5 Kd8 34.
a4 Ke8 35. Kc2 Kf8 36. Re1 Kg7 37. g3 Re7 38. Kd2 Rf8 39. Re3 f6 40. Nf3 f5 41.
Ng5 1/2-1/2

[Event "MCR mladeze 2014, H14"]
[Site "Kouty nad Desnou"]
[Date "2014.03.10"]
[Round "3"]
[White "Vykouk, Jan"]
[Black "Miesbauer, Jan"]
[Result "1/2-1/2"]
[WhiteElo "2088"]
[BlackElo "1991"]
[PlyCount "41"]
[EventDate "2014.??.??"]

1. e4 e6 2. d4 d5 3. Nd2 Be7 4. Bd3 c5 5. dxc5 Nf6 6. Qe2 a5 7. Ngf3 Na6 8. O-O
Nxc5 9. Bb5+ Bd7 10. exd5 Nxd5 11. Ne5 O-O 12. Nxd7 Nxd7 13. Ne4 Rc8 14. c4
N5f6 15. Rd1 Qc7 16. Bg5 Nc5 17. Nxc5 Qxc5 18. Bd2 b6 19. a3 Rfd8 20. Rac1 Qf5
21. Be3 1/2-1/2

[Event "MCR mladeze 2014, H14"]
[Site "Kouty nad Desnou"]
[Date "2014.03.10"]
[Round "3"]
[White "Anaskin, Arsenij"]
[Black "Vystrcil, Martin"]
[Result "1/2-1/2"]
[WhiteElo "1977"]
[BlackElo "1783"]
[PlyCount "66"]
[EventDate "2014.??.??"]

1. e4 c5 2. Nf3 Nc6 3. d4 cxd4 4. Nxd4 d5 5. Bb5 dxe4 6. Nxc6 Qxd1+ 7. Kxd1 a6
8. Nxe7+ Kxe7 9. Be2 Be6 10. Be3 f5 11. Nd2 Nf6 12. f3 Rd8 13. Ke1 Bd5 14. Rf1
g6 15. fxe4 Bxe4 16. Nxe4 Nxe4 17. Bf3 Rd6 18. Bxe4 Re6 19. Kf2 Rxe4 20. Rfe1
Kf7 21. Rad1 Re7 22. Bd4 Rxe1 23. Rxe1 Rg8 24. Re3 Bg7 25. Bc3 Bxc3 26. Rxc3
Re8 27. Rh3 Kg7 28. c4 Rc8 29. Rd3 Rc7 30. c5 Kf6 31. b4 Ke7 32. Ke3 h6 33. Rd6
Rc6 1/2-1/2

[Event "MCR mladeze 2014, H14"]
[Site "Kouty nad Desnou"]
[Date "2014.03.10"]
[Round "3"]
[White "Parizek, Vojtech"]
[Black "Jelinek, Michal"]
[Result "1-0"]
[WhiteElo "1712"]
[BlackElo "1870"]
[PlyCount "99"]
[EventDate "2014.??.??"]

1. e4 e6 2. c4 d5 3. cxd5 exd5 4. exd5 Nf6 5. Bb5+ Bd7 6. Qe2+ Qe7 7. Bc4 Bf5
8. Nc3 a6 9. a4 Nbd7 10. d4 Nb6 11. Be3 Bg4 12. Qd3 Qb4 13. b3 Bf5 14. Qd2 Nxc4
15. bxc4 Qxc4 16. Nge2 Bb4 17. O-O Nxd5 18. Rfc1 Nxc3 19. Nxc3 c6 20. Qb2 a5
21. Nb5 cxb5 22. Rxc4 bxc4 23. Bd2 Bxd2 24. Qxd2 O-O 25. Re1 b6 26. Re5 Bd3 27.
h4 Rfe8 28. Qe1 Rxe5 29. dxe5 Re8 30. f4 h6 31. g4 Kh7 32. Qc3 Rc8 33. f5 Be2
34. e6 fxe6 35. fxe6 Bxg4 36. e7 Bh5 37. Qd4 Re8 38. Qd5 c3 39. Qxh5 c2 40.
Qf5+ Kg8 41. Qxc2 Rxe7 42. Qc8+ Kf7 43. Qf5+ Kg8 44. Qg6 Re1+ 45. Kf2 Ra1 46.
Qxb6 Ra2+ 47. Ke3 Ra3+ 48. Kd2 Ra2+ 49. Kc3 Rh2 50. Qb8+ 1-0

[Event "MCR mladeze 2014, H14"]
[Site "Kouty nad Desnou"]
[Date "2014.03.10"]
[Round "3"]
[White "Novy, Filip"]
[Black "Chwistek, Karel"]
[Result "0-1"]
[WhiteElo "1817"]
[BlackElo "1697"]
[PlyCount "52"]
[EventDate "2014.??.??"]

1. e4 c5 2. Nf3 Nc6 3. d4 cxd4 4. Nxd4 g6 5. Nc3 Bg7 6. Be3 Nf6 7. Bc4 O-O 8.
Bb3 d6 9. f3 Bd7 10. Qd2 Na5 11. O-O-O Nxb3+ 12. Nxb3 b5 13. g4 b4 14. Ne2 a5
15. e5 a4 16. exf6 axb3 17. cxb3 Bxf6 18. Kb1 Qa5 19. Nc1 Bc6 20. Qd3 Rfc8 21.
Bd2 Bxb2 22. Bxb4 Qxb4 23. Kxb2 Qa3+ 24. Ka1 Be4 25. Qd2 Rc2 26. fxe4 Qb2# 0-1

[Event "MCR mladeze 2014, H14"]
[Site "Kouty nad Desnou"]
[Date "2014.03.10"]
[Round "3"]
[White "Simet, Martin"]
[Black "Filip, Tomas"]
[Result "1/2-1/2"]
[WhiteElo "1777"]
[BlackElo "1590"]
[PlyCount "76"]
[EventDate "2014.??.??"]

1. e4 c5 2. f4 Nf6 3. Nc3 d6 4. Nf3 a6 5. b3 Nc6 6. Bb2 e6 7. a4 Be7 8. Be2 d5
9. e5 Nd7 10. O-O O-O 11. Qe1 f6 12. exf6 Nxf6 13. Bd3 c4 14. Be2 cxb3 15. cxb3
Qb6+ 16. Kh1 Qxb3 17. Rb1 Qc2 18. d3 d4 19. Qd1 Qxd1 20. Nxd1 Nd5 21. g3 Bf6
22. Nf2 Ne3 23. Rfc1 Rd8 24. Nd1 Nxd1 25. Bxd1 Nb4 26. Be2 a5 27. Rc4 Nc6 28.
g4 g6 29. g5 Bg7 30. Kg2 Bd7 31. Ba1 Rab8 32. Rb6 Be8 33. Rc5 Kf8 34. Bb2 Kg8
35. h4 Bf8 36. Rcb5 e5 37. fxe5 Nb4 38. Rxa5 Nd5 1/2-1/2

[Event "MCR mladeze 2014, H14"]
[Site "Kouty nad Desnou"]
[Date "2014.03.10"]
[Round "3"]
[White "Havelka, Ondrej"]
[Black "Lojek, Marek"]
[Result "1-0"]
[WhiteElo "1642"]
[BlackElo "1776"]
[PlyCount "61"]
[EventDate "2014.??.??"]

1. d4 Nf6 2. c4 e6 3. Nc3 Bb4 4. Bg5 d5 5. Nf3 c5 6. e3 Qa5 7. Qc2 Ne4 8. Rc1
cxd4 9. exd4 Qxa2 10. cxd5 Bxc3+ 11. bxc3 Qxc2 12. Rxc2 exd5 13. Bf4 O-O 14.
Bd3 f5 15. O-O Bd7 16. Rb1 b6 17. Ne5 Rc8 18. f3 Ba4 19. fxe4 Bxc2 20. Bxc2
Rxc3 21. Bb3 Rxb3 22. Rxb3 dxe4 23. Ra3 b5 24. d5 Kf8 25. Nc6 Nxc6 26. dxc6 a5
27. c7 a4 28. Ra1 Ke7 29. Rc1 Kd7 30. Rd1+ Ke8 31. Bg5 1-0

[Event "MCR mladeze 2014, H14"]
[Site "Kouty nad Desnou"]
[Date "2014.03.10"]
[Round "3"]
[White "Oplustil, David"]
[Black "Sedlak, Jiri"]
[Result "0-1"]
[WhiteElo "1488"]
[BlackElo "1753"]
[PlyCount "60"]
[EventDate "2014.??.??"]

1. e4 c5 2. Nf3 Nc6 3. d4 cxd4 4. Nxd4 g6 5. Nc3 Bg7 6. Be3 Nf6 7. f3 O-O 8.
Qd2 d6 9. O-O-O Bd7 10. g4 Nxd4 11. Bxd4 Qa5 12. h4 b5 13. Kb1 b4 14. Ne2 Rab8
15. h5 e5 16. Be3 Be6 17. Nc1 d5 18. hxg6 dxe4 19. Qh2 fxg6 20. Bh6 Rb7 21.
Bxg7 Rxg7 22. g5 Nd5 23. fxe4 Nc3+ 24. bxc3 bxc3 25. Rd5 Rb8+ 26. Ka1 Qa3 27.
Nd3 Bxd5 28. exd5 Rb2 29. Nb4 Rxa2+ 30. Nxa2 Qb2# 0-1